00222nam a2200073Ia 4500082001700000245006900017100002100086008004100107 aJ 633.71 FOU 0aDaar's sonlig in my blaar : die biografie van Nicotiana tabacum  a FOURIE, Johan 210825s9999 xx 000 0 und d